Bismuth-based erbium-doped fiber for mode-locking and nonlinear applications /
Saved in:
| Main Author: | |
|---|---|
| Format: | Thesis Book |
| Language: | English |
| Published: |
2012.
|
| Subjects: | |
| Tags: |
Add Tag
No Tags, Be the first to tag this record!
|
| LEADER | 01167cam a2200301 a 4500 | ||
|---|---|---|---|
| 001 | u986484 | ||
| 003 | SIRSI | ||
| 005 | 201401020937 | ||
| 008 | 140102s2012 my a t 000 0 eng m | ||
| 040 | |a UMM |d AUM | ||
| 090 | |a QC3 |b UMP 2012 Mog | ||
| 100 | 1 | |a Moghaddam, Mohammadreza Abdolhosseini. | |
| 245 | 1 | 0 | |a Bismuth-based erbium-doped fiber for mode-locking and nonlinear applications / |c Mohammadreza Abdolhosseini Moghaddam. |
| 260 | |c 2012. | ||
| 300 | |a xx, 303 leaves : |b ill. ; |c 30 cm | ||
| 502 | |a Thesis (Ph.D) -- Jabatan Fizik, Fakulti Sains, Universiti Malaya, 2012. | ||
| 504 | |a Bibliography: leaves 275-303 | ||
| 530 | |a Also issued in CD. | ||
| 650 | 0 | |a Optical fibers | |
| 650 | 0 | |a Nonlinear optics. | |
| 650 | 0 | |a Optical communications |x Materials | |
| 650 | 0 | |a Laser communication systems | |
| 710 | 2 | |a Universiti Malaya. |b Jabatan Fizik. | |
| 856 | 4 | 1 | |a http://studentsrepo.um.edu.my/id/eprint/4524 |
| 900 | |a ZA | ||
| 596 | |a 1 25 | ||
| 999 | |a QC3 UMP 2012 MOG |w LC |c 1 |i A515702511 |d 24/2/2015 |f 24/2/2015 |g 1 |l STACKS |m P01UTAMA |r Y |s Y |t TESIS |u 13/2/2015 | ||
| 999 | |a QC3 UMP 2012 MOG |w LC |c 1 |i A515868811 |l STACKS |m P25UMARCHI |r Y |s Y |t CD |u 28/3/2017 |1 STEM |2 GIFT | ||
